[Event "45th Olympiad 2024"]
[Site "Budapest HUN"]
[Date "2024.09.16"]
[Round "6.47"]
[Board "4"]
[White "Pastor Carvajal, Jeigoth"]
[Black "Amdouni, Zoubaier"]
[Result "0-1"]
[WhiteElo "2120"]
[BlackElo "2151"]
[PlyCount "74"]
[EventDate "2024.09.11"]
[WhiteTeam "Costa Rica"]
[BlackTeam "Tunisia"]
[WhiteTeamCountry "CRI"]
[BlackTeamCountry "TUN"]

1. e4 c5 2. Nc3 Nc6 3. f4 g6 4. Nf3 Bg7 5. a4 e6 6. e5 d6 7. Bb5 Nge7 8. Ne4 dxe5 9. fxe5 O-O 10. Nf6+ ({RR} 10. d4 Nxd4 11. Nf6+ Bxf6 12. exf6 Nef5 13. Nxd4 Qxd4 14. Qxd4 Nxd4 15. Bd3 e5 16. Be3 e4 17. Bxd4 cxd4 18. Bc4 Be6 19. Bxe6 fxe6 20. O-O-O e5 21. Rhe1 e3 22. c3 Rad8 23. cxd4 exd4 24. Kb1 Rxf6 {0-1 Kadric,D (2558)-Vakhidov,J (2599) Titled Tue 21st May Early 2024 (6)}) 10... Kh8 11. d4 Nd5 12. dxc5 $146 ({RR} 12. Bg5 h6 13. h4 Nxf6 14. exf6 Bxf6 15. Bxh6 Bg7 16. Bxg7+ Kxg7 17. dxc5 Qf6 18. Bxc6 bxc6 19. Qd4 Qxd4 20. Nxd4 e5 21. Nf3 e4 22. Ne5 Bb7 23. O-O-O Rfe8 24. Nc4 Ba6 25. Nd6 Re5 26. b4 Rb8 {1-0 Rains,E (1977)-Hague,B (2381) 130th ch-NZL Open 2023 (4.6)}) ({RR} 12. O-O cxd4 13. Bg5 Nxf6 14. Bxc6 bxc6 15. Nxd4 Qd5 16. Bxf6 c5 17. Nb5 Bxf6 18. Qxd5 exd5 19. Rxf6 Bf5 20. c3 a5 21. Rd1 Rad8 22. Rc6 c4 23. Rd2 Kg8 24. Nd6 Be6 25. Rf2 Bd7 26. Rc5 Be6 {1-0 Fahrner,K (2303)-Manhardt,T (2176) TCh-AUT 2nd Mitte 2023-24 (6.5)}) 12... Nxe5 13. Nxd5 exd5 14. O-O Nxf3+ 15. Qxf3 Be6 16. Ra3 Rc8 17. b4 a6 18. Be2 a5 19. c3 Bf5 20. Be3 Re8 21. Rd1 Qe7 22. Kf2 Bg4 23. Qxg4 Qxe3+ 24. Kf1 axb4 25. Ra2 bxc3 26. Rxd5 Rxc5 27. Rxc5 Qxc5 28. Qc4 Qe3 29. Qd3 Qf4+ 30. Qf3 Qc1+ 31. Bd1 Rd8 32. Ke1 Qb1 33. Rc2 Qb3 34. Kf1 Qc4+ 35. Be2 Qxa4 36. Bd3 b5 37. Qxf7 Rf8 0-1

[Event "45th Olympiad 2024"]
[Site "Budapest HUN"]
[Date "2024.09.16"]
[Round "6.48"]
[Board "1"]
[White "Wiedenkeller, Michael"]
[Black "Camacho Collados, Jose"]
[Result "0-1"]
[WhiteElo "2406"]
[BlackElo "2352"]
[PlyCount "78"]
[EventDate "2024.09.11"]
[WhiteTeam "Luxembourg"]
[BlackTeam "Wales"]
[WhiteTeamCountry "LUX"]
[BlackTeamCountry "WLS"]

1. d4 d5 2. c4 e6 3. Nf3 Nf6 4. g3 h6 5. Bg2 Bd6 6. O-O O-O 7. Nc3 Nc6 8. cxd5 exd5 9. Nb5 Bf5 ({RR} 9... b6 10. Nxd6 cxd6 11. Nd2 Re8 12. Nb1 Ne7 13. Nc3 Be6 14. f3 Qd7 15. Re1 b5 16. a3 a5 17. e3 b4 18. Ne2 Bf5 19. axb4 axb4 20. Bd2 Qb5 21. Rxa8 Rxa8 22. Qb3 Nc6 23. Nf4 Qc4 24. Qxc4 {½-½ Lutz,R (2218)-Dinstuhl,V (2380) Bundesliga 2023-24 (6.2)}) 10. Nxd6 cxd6 11. Bd2 $146 ({RR} 11. Bf4 Re8 12. Rc1 Qb6 13. b3 Rad8 14. Qd2 Qa6 15. Rfe1 Ne4 16. Qb2 Qb6 17. Be3 a5 18. Nd2 Nf6 19. Nb1 Be4 20. Nc3 Bxg2 21. Kxg2 Re6 22. h3 Rde8 23. a3 Qd8 24. Rcd1 Qd7 25. Rd3 Ne7 {0-1 Yurtseven,M (2337)-Heberla,B (2571) TUR-chT Ankara 2022 (3.3)}) ({RR} 11. Bf4 Rc8 12. Rc1 b5 13. Qb3 a6 14. Qa3 Ne4 15. Qxa6 Nb4 16. Qxb5 Nxa2 17. Rxc8 Qxc8 18. Qxd5 Qe6 19. Qa5 Rb8 20. d5 {1-0 Urbina Perez,J (2266)-Harish,N (2040) Titled Tue 1st Aug Late 2023 (6)}) ({RR} 11. Qb3 Na5 12. Qa4 Qb6 13. b3 Nc6 14. Bd2 a6 15. Rfc1 Qd8 16. Qa3 Qd7 17. Qb2 a5 18. e3 Be4 19. Ne1 h5 20. f3 Bf5 21. Bf1 h4 22. gxh4 Bh3 23. Ng2 Qf5 24. Nf4 Bxf1 25. Rxf1 Nh5 {½-½ Ozenir,E (2391)-Stremavicius,T (2563) US Chess Masters 2023 (3.20)}) 11... Re8 12. Re1 a5 13. Qb3 Qd7 14. a4 Be4 15. Bc3 Ra6 16. Nd2 Bxg2 17. Kxg2 h5 18. e4 h4 19. exd5 h3+ 20. Kg1 Nb4 21. Rxe8+ Qxe8 22. Bxb4 Rb6 23. Qd3 Rxb4 24. b3 Nxd5 25. Nf3 Nf6 26. Ng5 Qd7 27. Re1 g6 28. f3 Kg7 29. Qe3 b5 30. axb5 Rxb5 31. g4 Nxg4 32. Qd2 Nf6 33. Ne4 Nh5 34. d5 Qa7+ 35. Kh1 Rxb3 36. Nxd6 Rxf3 37. Qb2+ Kh7 38. Ne4 Qe3 39. Qa1 Rf1+ 0-1

[Event "45th Olympiad 2024"]
[Site "Budapest HUN"]
[Date "2024.09.16"]
[Round "6.48"]
[Board "2"]
[White "Toczek, Grzegorz"]
[Black "Berend, Elvira"]
[Result "0-1"]
[WhiteElo "2301"]
[BlackElo "2219"]
[PlyCount "85"]
[EventDate "2024.09.11"]
[WhiteTeam "Wales"]
[BlackTeam "Luxembourg"]
[WhiteTeamCountry "WLS"]
[BlackTeamCountry "LUX"]

1. e4 c5 2. c3 Nf6 3. e5 Nd5 4. d4 cxd4 5. Nf3 e6 6. cxd4 d6 7. Bc4 Be7 8. O-O O-O 9. Qe2 b6 10. Nbd2 Bb7 11. Ne4 dxe5 12. dxe5 Nd7 13. h4 $146 ({RR} 13. Bd2 Qb8 14. Ng3 Rd8 15. Rfe1 Nf8 16. h4 Ng6 17. Rad1 Ndf4 18. Bxf4 Nxf4 19. Qe3 Rxd1 20. Rxd1 Nd5 21. Qd4 Qc7 22. Qg4 Rd8 23. Nh5 g6 24. Bxd5 Rxd5 25. Rxd5 Bxd5 26. Nf6+ Bxf6 27. exf6 Bxf3 {½-½ Pridorozhni,A (2569)-Papin,V (2500) Vladivostok Meridian op rap rapid 2015 (7)}) ({RR} 13. Bd2 Rc8 14. Rac1 Nc5 15. Nfg5 h6 16. Nxc5 Bxc5 17. Ne4 Qh4 18. Bxd5 Bxd5 19. Nxc5 Rxc5 20. Rxc5 bxc5 21. Qe3 Bxa2 22. Qxc5 Bd5 23. Bc3 a6 24. f3 Ra8 25. Ra1 Qg5 26. Kf2 Qh4+ 27. Kg1 Qg5 {½-½ Jones,G (2635)-Vitiugov,N (2709) EU-ch 13th Plovdiv 2012 (5)}) ({RR} 13. Bd2 Qb8 14. Ng3 Rc8 15. Rfe1 Rc7 16. Rac1 Qd8 17. Ne4 Nf8 18. a3 Ng6 19. g3 Rac8 20. h4 h6 21. Ba6 Rxc1 22. Rxc1 Rxc1+ 23. Bxc1 Bxa6 24. Qxa6 Qc7 25. Bd2 Nxe5 26. Nxe5 Qxe5 27. Nc3 Bc5 {0-1 Silva,D (2358)-Rakotomaharo,F (2454) 13th African Mixed Rapid 2024 (5.3)}) ({RR} 13. Re1 Rc8 14. a3 Qc7 15. Ba6 Bxa6 16. Qxa6 Nxe5 17. Nd4 Qc4 18. Qxc4 Rxc4 19. Nb5 Nd3 20. Nd2 Rc5 21. b4 Rxb5 22. Re4 Rc8 23. Nc4 Nc3 24. Rg4 Nxc1 25. h4 N1e2+ 26. Kh2 h5 27. a4 {0-1 Boor,C (2231)-Korchmar,V (2424) Titled Tuesday intern op 6th Nov blitz 2018 (3)}) ({RR} 13. Re1 Qc7 14. Ng3 Rac8 15. Bb3 Nc5 16. Bc2 Nb4 17. Nd4 Ba6 18. Qg4 Nxc2 19. Bh6 g6 20. Bxf8 Bxf8 21. Nxc2 Nd3 22. Nd4 Nxe1 23. Rxe1 Qxe5 24. Nf3 Qxb2 25. h4 Rc2 26. Ne4 f5 27. Qf4 fxe4 {0-1 Jacek,R (1835)-Pietruszewski,M (2099) Lazy op 9th 2013 (8.14)}) 13... Qc7 14. Ng3 Rfc8 15. Bb3 Nb4 16. Bf4 Ba6 17. Qd2 Bxf1 18. Rxf1 Nf8 19. Nh5 Qd7 20. Qe1 Qd3 21. Bg5 Bxg5 22. Qxb4 Bh6 23. Qa4 b5 24. Qa6 Rc1 25. Rxc1 Bxc1 26. Qc6 Qb1 27. Kh2 Rd8 28. Qxb5 Qxb2 29. Qc5 a6 30. Qc4 Bh6 31. Ng3 Qxf2 32. Ne4 Qe3 33. Neg5 Bxg5 34. hxg5 Ng6 35. Qc7 Rf8 36. Bc2 Nf4 37. Qc4 Ne2 38. Qc6 Nd4 39. Nxd4 Qxe5+ 40. Kh1 Qxd4 41. Qxa6 Qh4+ 42. Kg1 Qxg5 43. a4 0-1

[Event "45th Olympiad 2024"]
[Site "Budapest HUN"]
[Date "2024.09.16"]
[Round "6.48"]
[Board "3"]
[White "Mertens, Marc"]
[Black "Blackburn, Jonathan L B"]
[Result "0-1"]
[WhiteElo "2120"]
[BlackElo "2202"]
[PlyCount "72"]
[EventDate "2024.09.11"]
[WhiteTeam "Luxembourg"]
[BlackTeam "Wales"]
[WhiteTeamCountry "LUX"]
[BlackTeamCountry "WLS"]

1. e4 e6 2. d4 d5 3. Nd2 Nf6 4. e5 Nfd7 5. Bd3 c5 6. c3 Nc6 7. Ne2 cxd4 8. cxd4 f6 9. exf6 Nxf6 10. Nf3 Bd6 11. O-O Qc7 12. Bg5 O-O 13. Qc2 h6 14. Bh4 Nh5 15. Bh7+ Kh8 16. Bg6 Rxf3 17. Bxh5 Bxh2+ 18. Kh1 Rf5 19. Bg6 Bd6 20. Bxf5 exf5 21. f4 ({RR} 21. Rae1 Bd7 22. Nc3 Nxd4 23. Qd2 Qc5 24. Bf6 gxf6 25. Qxh6+ Kg8 26. Qg6+ Kh8 27. Qxf6+ Kg8 28. Qg6+ Kh8 29. Rd1 Rf8 30. Rd3 f4 31. Rfd1 Nf5 32. Rxd5 Qxf2 33. Rxd6 Ng3+ 34. Kh2 Bf5 35. Qh6+ Kg8 {1-0 Otero Marino,A (2250)-Golubenko,V (2209) Titled Tue 12th Mar Late 2024 (1)}) 21... Qf7 22. Kg1 Bd7 23. Qd2 ({RR} 23. Rae1 Re8 24. Nc3 Rg8 25. Qd3 g5 26. Bg3 Qg6 27. Re2 Nb4 28. Qe3 g4 29. Bh4 Qf7 30. Be7 Re8 31. Bxd6 Rxe3 32. Rxe3 Nc6 33. Rfe1 Kg8 34. b4 a6 35. a4 Qg6 36. Bc5 b6 37. Bxb6 Nxb4 {1-0 Zakhartsov,V (2552)-Erigaisi,A (2701) Titled Tue 16th May Early 2023 (9)}) 23... b5 $146 ({RR} 23... Re8 24. Nc3 Qh5 25. Bf2 g5 26. Nxd5 Qf7 27. Nc3 Bxf4 28. Qd1 g4 29. d5 Qh5 30. Bd4+ Be5 31. Bxe5+ Nxe5 32. Ne2 Qg5 33. Qc1 Bb5 34. Qxg5 hxg5 35. Rxf5 Bxe2 36. d6 Bb5 37. Rxg5 Bc6 38. Rd1 {½-½ Senders,M (2048)-Mueer,S (2229) Maastricht Limburg op-A 7th 2013 (2)}) ({RR} 23... b6 24. Rae1 Bb4 25. Nc3 Nxd4 26. a3 Nb3 27. Qd1 Bc5+ 28. Bf2 d4 29. Ne2 Bb5 30. a4 Bc4 31. Nxd4 Nxd4 32. Bxd4 Rd8 33. Rf2 Rxd4 34. Qf3 Rd2 35. Qa8+ Kh7 36. Re8 Bxf2+ {0-1 Edilsultanova,Z (1779)-Unuk,L (1975) Wch U14 Girls 2012 (8.27)}) ({RR} 23... Re8 24. Nc3 Qh5 25. Bg3 Ne7 26. Rae1 Rc8 27. Re3 Qf7 28. Qe2 a6 29. Qf3 Bc6 30. b3 Ng6 31. Rfe1 Kh7 32. Na4 Bxa4 33. bxa4 Rc4 34. Qd1 Bb4 35. Rf1 Bc3 36. Rd3 Qf6 37. Kh1 Bxd4 38. Qb3 {0-1 Rasulov,V (2387)-Timman,J (2565) Baku President's Cup 3rd 2008 (4)}) 24. Rf3 a5 25. Bf2 a4 26. Nc1 Qf6 27. Rb1 Bc7 28. b4 Re8 29. Re3 Re4 30. Rxe4 fxe4 31. Be3 Bg4 32. Ne2 Bxe2 33. Qxe2 Nxd4 34. Qg4 Nf5 35. Rc1 Nxe3 36. Qc8+ Bd8 0-1

[Event "45th Olympiad 2024"]
[Site "Budapest HUN"]
[Date "2024.09.16"]
[Round "6.48"]
[Board "4"]
[White "Bullen, Alex"]
[Black "Gengler, Pierre"]
[Result "1-0"]
[WhiteElo "2155"]
[BlackElo "2097"]
[PlyCount "191"]
[EventDate "2024.09.11"]
[WhiteTeam "Wales"]
[BlackTeam "Luxembourg"]
[WhiteTeamCountry "WLS"]
[BlackTeamCountry "LUX"]

1. d4 Nf6 2. Nf3 g6 3. g3 Bg7 4. Bg2 O-O 5. O-O d6 6. Nc3 Nbd7 7. a4 c6 8. e4 e5 9. Re1 Qc7 10. h3 h6 ({RR} 10... b6 11. dxe5 dxe5 12. Be3 Re8 13. Nd2 Ba6 14. Bf1 Bxf1 15. Kxf1 Rad8 16. Qe2 Bf8 17. Kg2 Nc5 18. Qc4 Ne6 19. Nf3 Bc5 20. Bxc5 b5 21. axb5 cxb5 22. Nxb5 Qxc5 23. Qxc5 Nxc5 24. Rxa7 Ncxe4 25. Ra4 {½-½ Nihal,S (2670)-Giri,A (2764) chess.com SpeedChess 2022 (1.44)}) ({RR} 10... Re8 11. g4 exd4 12. Nxd4 Nc5 13. Bf4 Nfd7 14. Bg3 Ne5 15. Rb1 a5 16. Kh1 Ne6 17. Nxe6 Bxe6 18. f4 Nc4 19. f5 Bd7 20. Qd3 Ne5 21. Qd2 Rad8 22. Qf2 f6 23. Rbd1 Bc8 24. Ne2 g5 25. b3 {1-0 Pang,B-Kabylbek,Y (1857) FIDE World Bl Team Pool C 2024 (4.6)}) 11. Be3 b6 $146 ({RR} 11... Kh7 12. a5 exd4 13. Nxd4 Nc5 14. f4 Be6 15. Qd2 b5 16. b4 Ncd7 17. Rad1 Rac8 18. Nxe6 fxe6 19. Qxd6 e5 20. Rd3 Rf7 21. Red1 Qxd6 22. Rxd6 Bf8 23. Bxa7 Bxd6 24. Rxd6 Nh5 25. Ne2 c5 26. fxe5 {1-0 Varnusz,E (2360)-Borsavolgyi,T HUN-chT Hungary 1989 (5)}) ({RR} 11... Kh7 12. Qe2 a6 13. dxe5 dxe5 14. a5 Re8 15. Qc4 Nf8 16. Bb6 Qe7 17. Bc5 Qe6 18. Qd3 N8d7 19. Be3 Bf8 20. Na4 c5 21. Nd2 b5 22. axb6 Bb7 23. Qb3 Bc6 24. Nc3 Qxb3 25. Nxb3 Reb8 26. Ra5 {1-0 Parnali,S (2145)-Potluri,S (1873) IND-ch (Women) 46th 2019 (8)}) 12. Qd2 Kh7 13. Rad1 Bb7 14. dxe5 dxe5 15. Qd6 Qc8 16. Nd2 Rd8 17. Qa3 Qc7 18. Qa2 Nf8 19. a5 Ne6 20. b4 Ba6 21. Nf3 Nd7 22. axb6 axb6 23. Qb3 b5 24. Ne2 Nb6 25. Bxb6 Qxb6 26. c3 Qc7 27. Rxd8 Rxd8 28. Rd1 Bc8 29. Nh2 h5 30. Nf1 Bh6 31. h4 Kg8 32. Qc2 Nf8 33. Rxd8 Qxd8 34. Nc1 Bxc1 35. Qxc1 Be6 36. Qd2 Qxd2 37. Nxd2 Nd7 38. Kf1 Nb6 39. Ke2 Kf8 40. Kd3 Ke7 41. Kc2 Kd6 42. Bf1 f6 43. Be2 Bf7 44. Nf3 Be8 45. Ne1 Bf7 46. Nf3 Bg8 47. Ne1 Be6 48. Ng2 Bc4 49. Bf3 Bf7 50. Ne3 Ke6 51. Kd3 Kd7 52. Kc2 Nc8 53. Nd1 Nd6 54. Nb2 Bc4 55. Nd1 Ke7 56. Ne3 Bf7 57. Kd3 Kd7 58. Nd1 g5 59. Ke3 Bg6 60. Nb2 g4 61. Bg2 f5 62. Nd3 Nc4+ 63. Ke2 Kd6 64. exf5 Bxf5 65. Nc5 Kc7 66. Be4 Nd6 67. Bxf5 Nxf5 68. Ne4 Ng7 69. Kd3 Kd7 70. Nc5+ Ke7 71. Ke4 Kd6 72. Nd3 Ne8 73. Nxe5 Nf6+ 74. Kd4 Nd5 75. Nf7+ Ke7 76. Ng5 Nf6 77. Ne4 Nd7 78. Nc5 Nf8 79. Nd3 Kf6 80. Nf4 Kf5 81. Nxh5 Ne6+ 82. Ke3 Ke5 83. f3 gxf3 84. Kxf3 c5 85. Nf4 cxb4 86. Nxe6 bxc3 87. Nc5 Kd4 88. Nb3+ Kd3 89. h5 Kc2 90. Nd4+ Kd3 91. Ne2 b4 92. h6 b3 93. Nxc3 Kxc3 94. h7 b2 95. h8=Q+ Kc2 96. Qxb2+ 1-0

[Event "45th Olympiad 2024"]
[Site "Budapest HUN"]
[Date "2024.09.16"]
[Round "6.49"]
[Board "1"]
[White "Oatlhotse, Providence"]
[Black "Paiva, Donaldo"]
[Result "1-0"]
[WhiteElo "2239"]
[BlackElo "2139"]
[PlyCount "74"]
[EventDate "2024.09.11"]
[WhiteTeam "Botswana"]
[BlackTeam "Mozambique"]
[WhiteTeamCountry "BOT"]
[BlackTeamCountry "MOZ"]

1. Nf3 Nf6 2. g3 d5 3. Bg2 c6 4. c4 dxc4 5. O-O b5 6. d3 cxd3 7. Ne5 Bb7 8. a4 ({RR} 8. Qb3 e6 9. Rd1 Qb6 10. Be3 c5 11. Bxb7 Qxb7 12. Qxd3 Nc6 13. Nxc6 Qxc6 14. a4 b4 15. Qb5 Rc8 16. Nd2 Nd5 17. Nc4 Nxe3 18. fxe3 a6 19. Qxc6+ Rxc6 20. Rd3 Be7 21. Rad1 O-O 22. Rd7 Bf6 {1-0 Zwirs,N (2443)-Otten,M (2166) Dutch Open 2023 (3.9)}) 8... b4 9. Nxd3 a5 $146 ({RR} 9... e6 10. Nd2 Be7 11. Nb3 Nbd7 12. a5 Qc8 13. Be3 Nd5 14. Bc5 Nxc5 15. Nbxc5 Ba6 16. Qc2 Bb5 17. Rfc1 O-O 18. e4 Nc7 19. Nxb4 Rd8 20. Qc3 e5 21. a6 Rd4 22. Nbd3 Nxa6 23. Bf1 Nxc5 24. Nxc5 {0-1 Petrosian,T (2625)-Anand,V (2803) Wch Rapid Berlin 2015 (14)}) ({RR} 9... e6 10. Qc2 Be7 11. Nd2 O-O 12. Nc4 Qc8 13. Na5 Qc7 14. Nxb7 Qxb7 15. a5 Rc8 16. Bd2 Nd5 17. Qc4 Nd7 18. e4 N5f6 19. Nxb4 Ne5 20. Qc3 Rd8 21. Ra4 Rab8 22. Qxe5 Rxd2 23. Nxc6 Rc8 24. Nxe7+ {0-1 Wagner,D (2304)-Bivol,A (2362) Wch U20 Girls 34th 2016 (9)}) ({RR} 9... e6 10. a5 Ba6 11. Qb3 Bxd3 12. Rd1 Be7 13. Rxd3 Qc8 14. Bg5 O-O 15. Nd2 Nbd7 16. Bxf6 gxf6 17. Rd4 Rb8 18. Nc4 c5 19. Rh4 f5 20. Rh3 Kh8 21. e4 fxe4 22. Bxe4 f5 23. Bg2 Rf7 24. Qe3 {1-0 Gupta,A (2603)-Jay,K (2066) New Delhi Parsvnath op-A 18th 2020 (4)}) 10. Qc2 e6 11. Rd1 Qc8 12. Be3 Nd5 13. Bc5 Bxc5 14. Nxc5 O-O 15. Nd2 Ra7 16. e4 Nf6 17. Nc4 Ba8 18. e5 Nd5 19. Be4 h6 20. Rac1 Rd8 21. Bh7+ Kh8 22. Bd3 Qc7 23. Qe2 Nd7 24. Nxd7 Rxd7 25. Qe4 g6 26. Nd6 Qd8 27. Qd4 Kh7 28. Be4 Ne7 29. Qc5 Nc8 30. Rd3 f5 31. Bg2 Ne7 32. Rcd1 Nd5 33. Rc1 Qf8 34. Qd4 Qg7 35. Bxd5 exd5 36. Ne8 Qe7 37. Nf6+ Kg7 1-0

[Event "45th Olympiad 2024"]
[Site "Budapest HUN"]
[Date "2024.09.16"]
[Round "6.49"]
[Board "2"]
[White "Jamal, Hamid Harmon Gulamo"]
[Black "Notha, Moakofi"]
[Result "1-0"]
[WhiteElo "1959"]
[BlackElo "1996"]
[PlyCount "113"]
[EventDate "2024.09.11"]
[WhiteTeam "Mozambique"]
[BlackTeam "Botswana"]
[WhiteTeamCountry "MOZ"]
[BlackTeamCountry "BOT"]

1. e4 e5 2. Nf3 Nc6 3. Bc4 Bc5 4. c3 Qe7 5. O-O d6 6. d3 Nf6 7. Nbd2 Bb6 ({RR} 7... a6 8. b4 Ba7 9. a4 Be6 10. Bxe6 Qxe6 11. Nb3 O-O 12. Ng5 Qd7 13. Qe2 Ne7 14. c4 Ng6 15. Be3 h6 16. Nh3 Nh7 17. Bxa7 Rxa7 18. f4 f5 19. fxe5 Nxe5 20. exf5 Rxf5 21. d4 Rxf1+ 22. Rxf1 {½-½ Minasian,A (2585)-Sale,S (2437) Dubai op 6th 2004 (2)}) 8. Bb3 Be6 9. Re1 $146 ({RR} 9. Nc4 O-O 10. Bg5 h6 11. Bh4 Na5 12. Nxa5 Bxa5 13. Bc2 Bb6 14. Qd2 Bg4 15. Bd1 Rfe8 16. Re1 c6 17. h3 Bxf3 18. Bxf3 g5 19. Bg3 Kh7 20. Qe2 Qe6 21. Bg4 Nxg4 22. Qxg4 Qxg4 23. hxg4 Rad8 {½-½ Fink Nunn,P (2051)-Mednikova,S (2099) Wch Seniors 50 (Women) 28th 2018 (3)}) ({RR} 9. Bc2 h6 10. a4 a5 11. Qe2 g5 12. Nc4 g4 13. Nfd2 Ba7 14. Nb3 h5 15. Bg5 h4 16. Ne3 O-O-O 17. Nd5 Nxd5 18. Bxe7 Ndxe7 19. d4 exd4 20. Nxd4 Nxd4 21. cxd4 Bxd4 22. Qd3 Nc6 23. Bb3 g3 {0-1 Kowalski,I (2355)-Sowinski,P (1767) POL-ch U20 Pokrzywna 2020 (5)}) 9... Ng4 10. Re2 O-O 11. h3 Nf6 12. Nf1 h6 13. Re1 Rae8 14. N3h2 Qd7 15. Qf3 Bxb3 16. axb3 Qe6 17. b4 Nh7 18. Ng3 Ne7 19. Nf5 c6 20. Qg4 Qg6 21. Qf3 Ng5 22. Bxg5 Nxf5 23. exf5 Qxg5 24. Re4 g6 25. Rg4 Qh5 26. Nf1 d5 27. Ng3 e4 28. dxe4 dxe4 29. Qf4 Qxg4 30. Qxg4 e3 31. fxe3 Rxe3 32. Kh1 Kh7 33. fxg6+ fxg6 34. Rf1 Rxf1+ 35. Nxf1 Re7 36. c4 h5 37. Qh4 Rf7 38. Nd2 Bf2 39. Qe4 Rd7 40. Nf3 Bg3 41. Qc2 a6 42. Kg1 h4 43. Kf1 Re7 44. Qd3 Kg7 45. b5 cxb5 46. cxb5 axb5 47. Qxb5 Kh7 48. b4 Kg7 49. Qc5 Kf6 50. Qd4+ Kf7 51. Ng5+ Ke8 52. Ne4 Be5 53. Qd5 Rf7+ 54. Ke2 Bf4 55. Qe6+ Kf8 56. Qxg6 Ke7 57. Ng5 1-0

[Event "45th Olympiad 2024"]
[Site "Budapest HUN"]
[Date "2024.09.16"]
[Round "6.49"]
[Board "3"]
[White "Monnaatsheko, Keletshabile"]
[Black "Napoleao, Lourenco"]
[Result "1/2-1/2"]
[WhiteElo "2064"]
[BlackElo "1913"]
[PlyCount "70"]
[EventDate "2024.09.11"]
[WhiteTeam "Botswana"]
[BlackTeam "Mozambique"]
[WhiteTeamCountry "BOT"]
[BlackTeamCountry "MOZ"]

1. Nf3 d5 2. d4 Nf6 3. Bf4 c5 4. e3 Nc6 5. Nbd2 Qb6 6. dxc5 Qxb2 7. Rb1 Qc3 8. Bb5 g6 9. Be5 ({RR} 9. e4 dxe4 10. Be5 Qxc5 11. Bxf6 exf3 12. Bxh8 fxg2 13. Rg1 Bf5 14. Bd3 O-O-O 15. Rb5 Qd6 16. Rxf5 gxf5 17. Rxg2 Bh6 18. Bc3 Qc5 19. Rg3 Kb8 20. Qa1 e5 21. Nb3 Qd5 22. Bxf5 e4 23. Bxh7 Bf4 {½-½ Giri,A (2764)-Ding,L (2791) Danzhou 11th rapid 2020 (13)}) 9... Qxc5 10. Bd4 $146 ({RR} 10. Bxf6 exf6 11. O-O Bg7 12. Nd4 O-O 13. N2b3 Qd6 14. Bd3 f5 15. Qd2 a6 16. Rfd1 Nxd4 17. Nxd4 f4 18. Bf1 fxe3 19. Qxe3 Bg4 20. Rd2 b5 21. h3 Bd7 22. Qf3 Rfe8 23. Rbd1 Rac8 24. g3 b4 {0-1 Halynyazow,V (2034)-Koshulyan,E (2136) Titled Tue 27th Feb Early 2024 (11)}) ({RR} 10. Bxf6 exf6 11. c4 Bf5 12. Rc1 dxc4 13. Bxc4 Qe7 14. Bb5 Bd7 15. Rc4 a6 16. Re4 Be6 17. Qa4 Qd7 18. Nd4 f5 19. Nxc6 Rc8 20. Rxe6+ fxe6 21. Qb3 axb5 22. Ne5 Qd5 23. Qxd5 exd5 24. Ke2 Bd6 {0-1 Christiansen,L (2567)-Kaidanov,G (2547) USA-ch Seniors playoff rapid 2021 (2)}) ({RR} 10. Bxf6 exf6 11. O-O Bg7 12. Qe2 O-O 13. Nb3 Qa3 14. Rfd1 a6 15. Bxc6 bxc6 16. Nfd4 Bd7 17. c4 c5 18. Nc2 Qxa2 19. cxd5 Rab8 20. Ncd4 Qxe2 21. Nxe2 Bf5 22. Rb2 c4 23. e4 Bxe4 {0-1 Goncalves,I (2237)-Bok,B (2624) Titled Tuesday intern op 27th July blitz 2021 (8)}) 10... Qd6 11. c4 Bd7 12. Bxf6 exf6 13. cxd5 Qxd5 14. Bc4 Qd6 15. O-O Be7 16. Rxb7 Na5 17. Rb1 Nxc4 18. Nxc4 Qa6 19. Qd4 Rd8 20. Qc3 Rc8 21. Rfc1 Be6 22. Nfd2 O-O 23. Qa5 Qxa5 24. Nxa5 Bxa2 25. Ra1 Rxc1+ 26. Rxc1 Bb4 27. Ndb3 Kg7 28. Ra1 Bxb3 29. Nxb3 Rd8 30. Kf1 Rd7 31. Ra6 Rd3 32. Nd4 Rd1+ 33. Ke2 Rd2+ 34. Kf3 Bc5 35. Nb3 Rd5 1/2-1/2

[Event "45th Olympiad 2024"]
[Site "Budapest HUN"]
[Date "2024.09.16"]
[Round "6.49"]
[Board "4"]
[White "Farisse, Joao"]
[Black "Bayani, Kuda"]
[Result "0-1"]
[WhiteElo "1851"]
[BlackElo "1931"]
[PlyCount "146"]
[EventDate "2024.09.11"]
[WhiteTeam "Mozambique"]
[BlackTeam "Botswana"]
[WhiteTeamCountry "MOZ"]
[BlackTeamCountry "BOT"]

1. c4 Nf6 2. Nf3 e6 3. Nc3 d5 4. d4 Be7 5. e3 c6 6. Bd3 dxc4 7. Bxc4 b5 8. Bd3 a6 9. O-O c5 ({RR} 9... Bb7 10. e4 O-O 11. Qc2 h6 12. e5 Nd5 13. Nxd5 cxd5 14. Bf4 Re8 15. Qd2 Bf8 16. h4 h5 17. Bg5 Be7 18. Rae1 Nc6 19. Qf4 Rc8 20. Re2 Qd7 21. g4 hxg4 22. Qxg4 Bxg5 23. Nxg5 g6 24. Re3 {1-0 Karpov,A (2692)-Sanz,J (2183) Madrid sim 2001}) 10. dxc5 Bxc5 11. Qc2 ({RR} 11. Ne4 Nxe4 12. Bxe4 Qxd1 13. Rxd1 Ra7 14. Bd2 f5 15. Bc2 Nc6 16. Rac1 Rc7 17. Bxf5 exf5 18. Rxc5 Bd7 19. Ne5 Rc8 20. Nxd7 Kxd7 21. Bc3+ Kc7 22. Bxg7 Rhg8 23. Rdc1 Kb7 24. Bd4 Rg6 25. Rxf5 Nxd4 {1-0 Feldhaus,S-Schuricht,E (1569) Krefeld op 2022 (5)}) 11... Nbd7 12. Ne4 $146 ({RR} 12. Rd1 Qb6 13. a4 b4 14. a5 Qc6 15. Ne4 Bb7 16. Nxc5 Nxc5 17. Bf1 Qc7 {½-½ Jakobei,J (2069)-Peczeli,Z (2074) HUN-chT2 Barcza 0506 2005 (11)}) 12... Be7 13. a4 b4 14. Rd1 Nd5 15. Ng3 N5f6 16. b3 Bb7 17. Bb2 Qa5 18. Rac1 Rc8 19. Qe2 O-O 20. Bc4 Rfd8 21. e4 Nf8 22. e5 Nd5 23. Ne4 Ng6 24. g3 Nb6 25. Nd6 Bxd6 26. exd6 Nxc4 27. bxc4 Qxa4 28. Ne5 Rc5 29. f4 Nxe5 30. Bxe5 Qc6 31. Kf2 Ra5 32. Ra1 Rxa1 33. Bxa1 Rxd6 34. Rxd6 Qxd6 35. Qe5 Qxe5 36. Bxe5 f6 37. Bd6 b3 38. Ba3 e5 39. Ke3 e4 40. Kd4 a5 41. Ke3 f5 42. Kd4 Kf7 43. Bb2 a4 44. Ba3 Kg6 45. Bc1 Kh5 46. h3 h6 47. Kc3 Bc6 48. Be3 Kg6 49. Bc1 Kf7 50. Kd4 Ke7 51. Ba3+ Kd7 52. Bc1 Kc7 53. Ba3 Kb6 54. Bc1 Be8 55. Kc3 Kc5 56. Be3+ Kd6 57. Bc1 Ke6 58. Kd4 Bc6 59. Kc3 Kf6 60. Kd4 g5 61. Kc3 Kg6 62. Be3 Be8 63. Kb2 Bf7 64. c5 gxf4 65. Bxf4 Bd5 66. Bc1 h5 67. h4 Kf6 68. Kc3 f4 69. gxf4 Kf5 70. Kb2 Kg4 71. Bd2 Kxh4 72. f5 Kg4 73. f6 Kf5 0-1

[Event "45th Olympiad 2024"]
[Site "Budapest HUN"]
[Date "2024.09.16"]
[Round "6.50"]
[Board "1"]
[White "Pg, Md Omar Ak Hafizon"]
[Black "Saraci, Nderim"]
[Result "0-1"]
[WhiteElo "2159"]
[BlackElo "2446"]
[PlyCount "58"]
[EventDate "2024.09.11"]
[WhiteTeam "Brunei Darussalam"]
[BlackTeam "Kosovo"]
[BlackTeamCountry "KOS"]

1. e4 d5 2. exd5 Qxd5 3. Nc3 Qd6 4. d4 Nf6 5. h3 a6 6. a4 Nc6 7. Nf3 Bf5 8. Bd3 Bxd3 9. Qxd3 g6 10. O-O $146 ({RR} 10. Be3 Bg7 11. O-O O-O 12. Rad1 Rad8 13. Qc4 e6 14. Rd2 Nd5 15. Ne4 Nxe3 16. fxe3 Qd5 17. Qxd5 exd5 18. Nc5 Bh6 19. Kf2 Rfe8 20. Re2 a5 21. b3 b6 22. Nd3 Nb4 23. Nxb4 axb4 24. Ne5 Re6 {0-1 Kukhaleishvili,G (1801)-Khodashneli,S (1940) GEO-ch U20 Tbilisi 2020 (3)}) 10... Bg7 11. Ne4 Nxe4 12. Qxe4 f5 13. Qe2 Nxd4 14. Nxd4 Bxd4 15. Ra3 O-O-O 16. c3 Qe5 17. Qc4 Bc5 18. b4 Bd6 19. g3 g5 20. Ra2 f4 21. Re2 Qf5 22. g4 Qd7 23. b5 a5 24. b6 h5 25. bxc7 Qxc7 26. Qxc7+ Kxc7 27. gxh5 Rxh5 28. Kg2 Rdh8 29. Re6 Rxh3 0-1